• 首页
  • 本馆介绍
  • 公告通知
  • 最新文献
  • 馆藏检索
  • 电子资源
  • 读者导购
  • 参考咨询
  • 我的图书馆
  • 登录
  • 详细信息显示
  • 放入我的书架
  • 预约/预借图书
  • 作者相关作品
  • 分类相关作品
  • 丛书相关作品
  • 出版社相关作品

书目信息

  • 表格格式
  • 工作单格式
  • 卡片格式
书名: Numerical solution of partial differential equations
作者: G. D. Smith.
分册号:
分册名:
出版地: Oxford :
 
出版社: Clarendon Press
出版时间: 1978.
页数: xii, 304 p. :
开本: 22 cm.
丛书名:
中图分类号:
科图分类号:
其他分类号: O241.82
主题词:
电子资源:
000 01015cam 2200289 i 4504
001 E0732240019
005 20070306085753.31
008 030930s1978 enka b 00110 eng
010    @a78040239 //r82
020    @a019859626X.
020    @a0198596251.
035    @a0335-69460
050 00 @aQA374@b.S56 1978
090    @aP154.2/W30
090    @aO241.82
099    @dO241.82@ex2=2
100 1  @aSmith, G. D.@q(Gordon D.)
245 10 @aNumerical solution of partial differential equations :@bfinite difference methods / @cG. D. Smith.
250    @a2d ed.
260    @aOxford :@bClarendon Press ;@aNew York :@bOxford University Press,@c1978.
300    @axii, 304 p. :@bill. ;@c22 cm.
490 0  @aOxford applied mathematics and computing science series.
500    @aIncludes index.
504    @aBibliography: p. [297]-299.
650  0 @aFinite differences.
650  0 @aDifferential equations, Partial@xNumerical solutions.
650  0 @aDifference equations@xNumerical solutions.
    
    Numerical solution of partial differential equations : : finite difference methods / / G. D. Smith.-2d ed.-Oxford : : Clarendon Press ; ; New York : : Oxford University Press, , 1978.
    xii, 304 p. : : ill. ; ; 22 cm.- (Oxford applied mathematics and computing science series. )
    Includes index.-Bibliography: p. [297]-299.
    
    ISBN 019859626X.
    
●
相关链接 在E读中查询图书 在五车中查询图书 在当当中查询图书 在豆瓣中查询图书


正题名:Numerical solution of partial differential equations     索取号:O241.82/x2=2         预约/预借

序号 登录号 条形码 馆藏地/架位号 状态 备注
1 0000152   300001520   第四借阅区/ [索取号:O241.82/x2=2] 在馆    
唐山师范学院图书馆 欢迎您!
大连网信软件有限公司© 版权所有